Places To Study
There are group study rooms, individual study carrels, computer labs, and other spaces to study in the Libraries.
Reserve A Group Room| 000 -LEADER | |
|---|---|
| fixed length control field | 00728nam a22002297a 4500 |
| 003 - CONTROL NUMBER IDENTIFIER | |
| control field | OSt |
| 005 - DATE AND TIME OF LATEST TRANSACTION | |
| control field | 20251223105204.0 |
| 008 - FIXED-LENGTH DATA ELEMENTS--GENERAL INFORMATION | |
| fixed length control field | 251223b |||||||| |||| 00| 0 eng d |
| 020 ## - INTERNATIONAL STANDARD BOOK NUMBER | |
| International Standard Book Number | 9789997101969 |
| 040 ## - CATALOGING SOURCE | |
| Transcribing agency | DCL |
| 041 ## - LANGUAGE CODE | |
| Language code of text/sound track or separate title | English |
| 082 ## - DEWEY DECIMAL CLASSIFICATION NUMBER | |
| Classification number | 915.91 |
| 100 ## - MAIN ENTRY--PERSONAL NAME | |
| Personal name | Aung Kyaing , Minbu |
| 245 10 - TITLE STATEMENT | |
| Title | Guide to Bagan monuments / |
| Statement of responsibility, etc. | by Minbu Aung Kyaing ; edited by U Win Pe (Mya Zin), U Kyaw Tint (Geology). |
| 260 ## - PUBLICATION, DISTRIBUTION, ETC. | |
| Place of publication, distribution, etc. | Yangon : |
| Name of publisher, distributor, etc. | Myanmar Heritage Publications |
| Date of publication, distribution, etc. | 2017. |
| 300 ## - PHYSICAL DESCRIPTION | |
| Extent | viii, 264 pages : |
| Dimensions | 20 cm. |
| 504 ## - BIBLIOGRAPHY, ETC. NOTE | |
| Bibliography, etc. note | Includes bibliographical notes and index. |
| 651 ## - SUBJECT ADDED ENTRY--GEOGRAPHIC NAME | |
| Geographic name | Pagan (Myanmar) |
| Form subdivision | Description and travel |
| 700 ## - ADDED ENTRY--PERSONAL NAME | |
| Personal name | Win Pe, U |
| 700 ## - ADDED ENTRY--PERSONAL NAME | |
| Personal name | Kyaw Tint, U |
| 942 ## - ADDED ENTRY ELEMENTS (KOHA) | |
| Source of classification or shelving scheme | Dewey Decimal Classification |
| Koha item type | Short Term |
| Suppress in OPAC | No |
| Withdrawn status | Lost status | Source of classification or shelving scheme | Damaged status | Not for loan | Collection | Accession No. | Home library | Current library | Shelving location | Date acquired | Total checkouts | Full call number | Barcode | Date last seen | Price effective from | Koha item type |
|---|---|---|---|---|---|---|---|---|---|---|---|---|---|---|---|---|
| Dewey Decimal Classification | English Collection | 3059 | Dhammadhara | Dhammadhara | English Shelves | 23/12/2025 | 915.91 Au 3059 | EB00003059 | 23/12/2025 | 23/12/2025 | Short Term |